| 000 | 00592nam a2200205Ia 4500 | ||
|---|---|---|---|
| 003 | GCL | ||
| 008 | 140319s9999 xx 000 0 ara d | ||
| 040 |
_aGCL / _cGCL |
||
| 082 | 0 | 4 |
_a814 _bا م |
| 100 | 1 | _aابراهيم سعده | |
| 245 | 1 | 0 |
_aمقالات ساخنة / _cابراهيم سعده |
| 300 | _a155 ص | ||
| 490 |
_aمكتبة الاسرة _v0 |
||
| 650 | 0 | 4 | _aالادب العربى |
| 650 | 0 | 4 | _aالمقالات العربية |
| 650 | 0 | 4 | _aالمقالات |
| 650 | 0 | 4 | _aالادب - مجموعات |
| 650 | 0 | 4 | _aالمقالات - مجموعات |
| 942 |
_2ddc _cBK |
||
| 999 |
_c50722 _d50722 |
||